O Aleph / (Record no. 33049)

000 -LEADER
fixed length control field 00791cam a2200313 a 4500
001 - CONTROL NUMBER
control field 9025194
003 - CONTROL NUMBER IDENTIFIER
control field OSt
005 - DATE AND TIME OF LATEST TRANSACTION
control field 20170105113101.0
008 - FIXED-LENGTH DATA ELEMENTS--GENERAL INFORMATION
fixed length control field 101021s2010 bl b 000 0apor
010 ## - LIBRARY OF CONGRESS CONTROL NUMBER
LC control number 2010355115
020 ## - INTERNATIONAL STANDARD BOOK NUMBER
International Standard Book Number 9788575425770
020 ## - INTERNATIONAL STANDARD BOOK NUMBER
International Standard Book Number 8575425773
029 1# - OTHER SYSTEM CONTROL NUMBER (OCLC)
OCLC library identifier USMMEY
System control number 12250416X
029 1# - OTHER SYSTEM CONTROL NUMBER (OCLC)
OCLC library identifier UKLMB
System control number 8575425773
029 1# - OTHER SYSTEM CONTROL NUMBER (OCLC)
OCLC library identifier NLGGC
System control number 334461499
035 ## - SYSTEM CONTROL NUMBER
System control number (OCoLC)ocn692085223
035 ## - SYSTEM CONTROL NUMBER
System control number (OCoLC)692085223
035 ## - SYSTEM CONTROL NUMBER
System control number (NNC)9025194
040 ## - CATALOGING SOURCE
Original cataloging agency DLC
Transcribing agency PUL
042 ## - AUTHENTICATION CODE
Authentication code pcc
050 #4 - LIBRARY OF CONGRESS CALL NUMBER
Classification number PQ9698.13.O3546
Item number Z46 2011
100 1# - MAIN ENTRY--PERSONAL NAME
Personal name Coelho, Paulo.
245 12 - TITLE STATEMENT
Title O Aleph /
Statement of responsibility, etc. Paulo Coelho.
260 ## - PUBLICATION, DISTRIBUTION, ETC.
Place of publication, distribution, etc. Rio de Janeiro :
Name of publisher, distributor, etc. Sextante,
Date of publication, distribution, etc. c2010.
300 ## - PHYSICAL DESCRIPTION
Extent 255 p. :
Other physical details map ;
Dimensions 21 cm.
942 ## - ADDED ENTRY ELEMENTS (KOHA)
Source of classification or shelving scheme
Koha item type Book
948 1# - LOCAL PROCESSING INFORMATION (OCLC); SERIES PART DESIGNATOR (RLIN)
Series part designator, SPT (RLIN) 20110928
b (OCLC) c
c (OCLC) dem5
d (OCLC) MPS
Holdings
Withdrawn status Lost status Source of classification or shelving scheme Damaged status Not for loan Permanent Location Current Location Date acquired Total Checkouts Full call number Barcode Date last seen Price effective from Koha item type
          School of Mechanical & Manufacturing Engineering (SMME) School of Mechanical & Manufacturing Engineering (SMME) 12/22/2015   869.342 COE SMME-2132 04/03/2018 12/22/2015 Book
© 2023 Central Library, National University of Sciences and Technology. All Rights Reserved.